000 00284nam a22001337a 4500
008 190305b xxu||||| |||| 00| 0 eng d
020 _a0815137745
041 _aeng
080 _24th
_a610
100 _a4
101 _aSHM
245 _aEmergency Medicine
_cRosen
942 _2udc
_cBK
999 _c54576
_d54576